00585nam a2200169Ia 4500003000900000008004100009040001600050080002800066110003300094245014000127260005000267300000800317500002800325650002300353650001800376650002100394IN-BaIIA211028s9999 xx 000 0 eng d cIIA Library a083.7:001.4:669.71bISI aIndian Standards Institution 0aIndian standard glossary of terms for aluminium and aluminium alloysbpt. 1, unwrought and wrought metalscIndian Standards Institution aNew DelhibIndian Standards Institutionc1969 a5p. aIS 5047 : Part 1 : 1969 a Aluminium Alloys a Standards  aNASA Thesaurus